Letters in the alphabet in 15 seconds - Statistics

General Stats
  • This quiz has been taken 126 times
  • The average score is 23 of 26
Answer Stats
Answer % Correct
E
96%
O
96%
A
93%
I
93%
J
93%
K
93%
L
93%
D
91%
F
91%
G
91%
H
91%
P
91%
Q
91%
S
89%
T
89%
W
89%
R
87%
U
87%
Y
87%
C
85%
B
80%
M
80%
N
78%
X
74%
Z
74%
V
72%
No matching quizzes found
Score Distribution
Percent of People with Each Score
Percentile by Number Answered
Your Score History
You have not taken this quiz